| 000 | 00952nam a22002177a 4500 | ||
|---|---|---|---|
| 008 | 100804s1994 xxu||||| |||| 00| 0 ara d | ||
| 020 | _a9770901970 | ||
| 082 |
_222 _a320.5 _bهـ ا ي |
||
| 100 | 1 |
_917078 _aهايك ، ف . ا |
|
| 245 |
_aالطريق إلى العبودية / _cف . ا . هايك ؛ ترجمة محمد نصطفى غنيم |
||
| 260 |
_aالقاهرة : _bدار الشروق ، _c1994. |
||
| 300 |
_a222 ص ؛ _c24 سم. |
||
| 504 | _aيحتوى على إرجاعات ببليوجرافية | ||
| 541 |
_aألف باء ؛ _cشراء ؛ |
||
| 650 |
_917079 _aالمذاهب السياسية |
||
| 650 |
_916059 _aالنظم السياسية |
||
| 650 |
_98522 _aالاشتراكية |
||
| 700 |
_917080 _aغنيم ، محمد مصطفى _eترجمة |
||
| 942 |
_2ddc _cBB |
||
| 999 |
_c14612 _d14612 |
||